Language processing and acquisition in languages of semitic, root-based, morphology (Record no. 162929)
[ view plain ]
| 000 -LEADER | |
|---|---|
| fixed length control field | 01408nam a2200337Ia 4500 |
| 082 04 - DEWEY DECIMAL CLASSIFICATION NUMBER | |
| Classification number | 492 |
| 245 00 - TITLE STATEMENT | |
| Title | Language processing and acquisition in languages of semitic, root-based, morphology |
| 260 ## - PUBLICATION, DISTRIBUTION, ETC. (IMPRINT) | |
| Place of publication | Amsterdam : |
| -- | Philadelphia : |
| Name of publisher | J. Benjamins, |
| Year of publication | 2002. |
| 300 ## - PHYSICAL DESCRIPTION | |
| Number of Pages | 392 p. |
| 490 1# - SERIES STATEMENT | |
| Series statement | Language acquisition & language disorders, |
| 650 #0 - SUBJECT ADDED ENTRY--TOPICAL TERM | |
| Topical Term | Semitic languages |
| Topical Term | Semitic languages |
| Topical Term | Semitic languages |
| Topical Term | Semitic languages |
| 700 1# - ADDED ENTRY--PERSONAL NAME | |
| Personal name | Shimron, Joseph. |
| 856 40 - ELECTRONIC LOCATION AND ACCESS | |
| Uniform Resource Identifier | http://site.ebrary.com/lib/rucke/Doc?id=10032041 |
No items available.
